01201njm a2200277Ia 4500001000600000003000900006005001700015008004100032040001300073040001300086041001300099100002100112100001800133100003800151245008200189250001100271260001100282260007000293300001700363300003000380500003300410505026400443650006300707700008500770700006800855H8251IT-RoPAU20220918181147.0131025s9999 xx 000 0 und d aIT-RoPAU cIT-RoPAU aITALIANO aLiberto Giuseppe eAutore musica gCodice autore musica SPICS: 13273 aCoronas annum benignitate tua. Composizioni organistiche per l'anno liturgico a1a ed. aMILANO bMULTIMEDIA SAN PAOLOc2008 [1a Ed.:2008 - Ed. Lingua Orig.: 2008] aCOMPACT DISC c41 minuti (Testo: 0 pag.) aMusica religiosa, liturgica. aTrittico Giubilare: Veni ad liberandum nos (preludio, adagio, fuga) - Fantasia pastorale - Interludium per annum - Toccata su Victimae paschalis laudes - Sette suggestioni su Veni Creator: timor, pietas, scientia, consilium, fortitudo, intellectus, sapientia. aLITURGICO/ORGAN [COMPACT DISC]eCodice MATERIA SPICS: 9949 aLiberto GiuseppeeAutore testo e musicagCodice autore testo/musica SPICS: 13273 aLibertucci GianlucagCodice interprete SPICS: 59290eInterprete